Přeskočit na obsah

Режиссура фильма: практикум по дисциплине для обучающихся по направлению подготовки 51.03.02 «Народная художественная культура», профиль «Руководство студией кино-, фото- и видеотворчества», квалификация (степень) выпускника «бакалавр»

Uloženo v:
Podrobná bibliografie
Hlavní autor: Светлакова Е. Ю.
Médium: Книга
Jazyk:Russian
Vydáno: Кемерово КемГИК 2021
On-line přístup:https://e.lanbook.com/book/250721
https://e.lanbook.com/img/cover/book/250721.jpg
Tagy: Přidat tag
Žádné tagy, Buďte první, kdo otaguje tento záznam!
LEADER 01295nam0a2200253 i 4500
001 250721
003 RuSpLAN
005 20221220174202.0
008 221220s2021 ru gs 000 0 rus
020 |a 978-5-8154-0583-7 
040 |a RuSpLAN 
041 0 |a rus 
044 |a ru 
080 |a 791.44(076.5) 
084 |a 85.37я73  |2 rubbk 
245 0 0 |a Режиссура фильма: практикум по дисциплине для обучающихся по направлению подготовки 51.03.02 «Народная художественная культура», профиль «Руководство студией кино-, фото- и видеотворчества», квалификация (степень) выпускника «бакалавр»  |c Светлакова Е. Ю. 
260 |a Кемерово  |b КемГИК  |c 2021 
300 |a 66 с. 
504 |a Библиогр.: доступна в карточке книги, на сайте ЭБС Лань 
521 8 |a Книга из коллекции КемГИК - Искусствоведение 
100 1 |a Светлакова Е. Ю. 
856 4 |u https://e.lanbook.com/book/250721 
856 4 8 |u https://e.lanbook.com/img/cover/book/250721.jpg 
953 |a https://e.lanbook.com/img/cover/book/250721.jpg